000 01517nam2a2200301 4500
001 RU\NLR\bibl\143644
005 20250618045427.0
021 _aRU
_b98-1649
_952
035 _a(NLR Aleph) 000140722
090 _a805475
_c805475
100 _a20010328d1996 |||y0rusy50 ca
101 0 _arus
_aeng
102 _aRU
105 _ay |||||||||
200 1 _aНекоторые проблемы развития хозяйства коренных народов Севера
_dCertain Problems of the Traditional Economy of the Northern Peoples
_eТекст докл., прочит. на 2-м Междунар. семинаре по пробл. народов Севера, Принс-Джордж, Канада, май 1996 г.
_fК.Б. Клоков
_zeng
210 _d1996
_aБ. м.
215 _a24 с.
300 _aАвт. также на англ. яз.: K. Klokov
300 _aЧасть текста на англ. яз.
461 0 _1001RU\NLR\bibl\145535
_12001#$aЭтногеографические исследования$vВып. 3
_9816635
_cСПб.
_d1996
_fНИИ географии С.-Петерб. гос. ун-та
_nБ.и.
_tЭтногеографические исследования
_vВып. 3
510 1 _6z11790
_aCertain Problems of the Traditional Economy of the Northern Peoples
_zeng
790 1 _6z11510
_aKlokov
_bK.
_4070
801 0 _aRU
_bNLR
_c20010328
_gPSBO
801 1 _aRU
_bNLR
_c20010328
852 _aNLR
_j2000-4/4837
942 _cBOOK
980 _aNB